LIBRARY & INFORMATION CENTRE, KCAET, TAVANUR

ONLINE PUBLIC ACCESS CATALOGUE (OPAC)

American history at a glance / (Record no. 5364)

MARC details
000 -LEADER
fixed length control field 00416cam a2200169ua 4500
041 ## - LANGUAGE CODE
Language code of text/sound track or separate title eng
082 ## - DEWEY DECIMAL CLASSIFICATION NUMBER
Classification number 973
Item number SME/AM
100 ## - MAIN ENTRY--AUTHOR NAME
Personal name Smelser, Marshall.
245 ## - TITLE STATEMENT
Title American history at a glance /
260 ## - PUBLICATION, DISTRIBUTION, ETC. (IMPRINT)
Place of publication New York :
Name of publisher Barnes & Noble ,
Year of publication 1961.
300 ## - PHYSICAL DESCRIPTION
Number of Pages 278 ; .
942 ## - ADDED ENTRY ELEMENTS (KOHA)
Koha item type Books
Holdings
Withdrawn status Lost status Damaged status Home library Current library Date acquired Full call number Accession Number Koha item type
Withdrawn     KAUAET Malayalam University 07/04/2012 973 600 Books
free website counter